000 00708nab a22001937a 4500
003 BPK
005 20160308091159.0
008 160308b1970 pl ||||| |||| 00| ||pol
040 _cBPK
080 _a69
100 _aBIELAK, Janusz.
_d1969 - 1996.
_bWyższa Szkoła Inżynierska w Koszalinie - Wydział Budownictwa Lądowego,
_cZespół Organizacji i Ekonomiki Budownictwa
245 _aPlan koordynacji przestrzennej inwestycji w m. Koszalinie na lata 1968-1975 /
_cJanusz Bielak.
260 _c1970.
500 _aDane z kartoteki bpp.
650 0 _aBudownictwo - inwestycje.
650 0 _aPlanowanie przestrzenne.
773 _iW :
_tMiasto. -
_g1970, nr 1, s. 1-13
942 _cART
_2UKD
999 _c7489
_d7489